00331 2200145 4500001002100000005001500021035002000036245004300056100000900099300001200108260003100120082000800151084001400159990001200173INLIS00000000000193220250522073119 a0010-05250002241 aMisteri Cinta Segi Lima /cS. Mara Gd.0 aMara a372 hlm aJakarta :bGramedia,c2005 a800 a800 MAR m a0713451